000 00468nam a2200181 i 4500
001 50678
003 ES-MaACL
005 20230906162223.0
007 t|
008 030806s1970 sp ||||1| cat d
100 1 _aCucurull , Félix.
_9201872
245 1 2 _aL'ultim combat /
_cFélix Cucurull.
250 _a[1ª ed.].
260 _aBarcelona :
_bNova Terra,
_c[1970]
300 _a161 p. ;
_c19 cm.
852 _aES-MaACL
_jC-50814
_bR.72337
999 _c50678
_d50678